Statistics for FIFA Nations Represented in Premier League

Click here to take the quiz!

General Stats

  • This quiz has been taken 28 times
  • The average score is 85 of 120

Answer Stats

Answer% Correct
CAFAlgeria
96%
CONMEBOLArgentina
96%
AFCAustralia
96%
ConcacafCanada
96%
AFCChina
96%
UEFAPortugal
96%
UEFAScotland
96%
UEFASpain
96%
UEFAUkraine
96%
ConcacafUnited States
96%
UEFAWales
96%
UEFAAlbania
91%
UEFAArmenia
91%
CONMEBOLBrazil
91%
CONMEBOLChile
91%
UEFAEngland
91%
UEFAFrance
91%
UEFAIreland
91%
AFCJapan
91%
UEFANetherlands
91%
OFCNew Zealand
91%
UEFANorthern Ireland
91%
UEFAPoland
91%
UEFASlovenia
91%
CAFSouth Africa
91%
AFCSouth Korea
91%
UEFASweden
91%
UEFATurkey
91%
CONMEBOLVenezuela
91%
UEFAAustria
87%
UEFABelgium
87%
CONMEBOLBolivia
87%
CONMEBOLColombia
87%
UEFACroatia
87%
UEFACzech Republic
87%
UEFADenmark
87%
CONMEBOLEcuador
87%
UEFAFinland
87%
UEFAGermany
87%
AFCIran
87%
ConcacafJamaica
87%
CAFMali
87%
ConcacafMexico
87%
UEFANorway
87%
UEFARussia
87%
UEFASlovakia
87%
UEFASwitzerland
87%
CAFEgypt
83%
UEFAEstonia
83%
UEFAGreece
83%
UEFAHungary
83%
UEFAItaly
83%
CAFIvory Coast
83%
UEFALatvia
83%
UEFALithuania
83%
UEFAMontenegro
83%
CAFMorocco
83%
CAFNigeria
83%
CONMEBOLParaguay
83%
CONMEBOLPeru
83%
CAFSenegal
83%
UEFABosnia and Herzegovina
78%
ConcacafHonduras
78%
UEFASerbia
78%
CONMEBOLUruguay
78%
CAFAngola
74%
UEFABulgaria
74%
ConcacafCuba
74%
UEFAGeorgia
74%
CAFGuinea
74%
UEFAIceland
74%
UEFAIsrael
74%
UEFAKosovo
74%
CAFTunisia
74%
CAFCameroon
70%
CAFGhana
70%
UEFANorth Macedonia
70%
UEFARomania
70%
CAFTogo
70%
CAFKenya
65%
CAFZimbabwe
65%
UEFABelarus
61%
UEFACyprus
61%
AFCPakistan
61%
CAFBurkina Faso
57%
ConcacafCosta Rica
57%
ConcacafDominican Republic
57%
CAFGuinea-Bissau
57%
UEFAMalta
57%
ConcacafTrinidad and Tobago
57%
CAFZambia
57%
ConcacafAntigua and Barbuda
52%
CAFBenin
52%
CAFLiberia
52%
ConcacafBarbados
48%
CAFGabon
48%
UEFAGibraltar
48%
ConcacafGuatemala
48%
AFCOman
48%
AFCPhilippines
48%
ConcacafSaint Kitts and Nevis
48%
CAFTanzania
48%
CAFBurundi
43%
CAFEquatorial Guinea
43%
UEFAFaroe Islands
43%
CAFGambia
43%
AFCIndonesia
43%
ConcacafGrenada
39%
CAFCentral African Republic
35%
CAFSierra Leone
35%
ConcacafSuriname
35%
ConcacafGuyana
30%
CAFCape Verde
26%
ConcacafCuraçao
26%
CAFMauritania
26%
CAFSeychelles
22%
ConcacafMontserrat
17%
ConcacafBermuda
13%
CAFDemocratic Republic of Congo
9%
CAFRepublic of Congo
4%

Score Distribution

Percentile by Number Answered

Percent of People with Each Score

Your Score History

You have not taken this quiz